Quizzes
Events
Quiz Creation
Community
Videos
Private Events
Remove Ads
Sign In
Join for FREE
Feedback
Dark Mode
Quiz Categories
Sports
Geography
Music
Movies
Television
Just For Fun
Miscellaneous
History
Literature
Language
Science
Gaming
Entertainment
Religion
Holiday
For Kids
Quiz Lab
Recent
Popular Today
Quiz Kudos Today
Editor Picks
Curator Picks
Quizzes by...
Day
Popularity
Type
Ratings
Length
Year
Community
Subscriptions
Recent Discussions
Orange Saloon
Badges
Playlists
Quests
Create
Leaderboards
Showdown
Live 5
Trivia Bingo
Activity
Puzzle Library
Sporcle Events
Private Events
Virtual Trivia
Globe League
Become a Host
Pub Owners
SporcleCon
Opinionation
Our Games
Videos
Blog
Mobile Apps
Partnerships
Remove Ads and Go Orange
Feedback
Music
Pop Music
The Beatles
Song
Album
Lyrics
Bands
Singers
Artist
Clip
Rock
Rap
Classical
Billboard
Country Music
Kpop
Taylor Swift
Music
Pop Music
The Beatles
Song
Album
Lyrics
Bands
Singers
Artist
Clip
Rock
Rap
Classical
Billboard
Country Music
Kpop
Taylor Swift
Random Quiz
Search Sporcle
×
Quiz Lab
Quiz Lab
Music
Nintendo
Type in answers that appear in a list
Type in answers that appear in a list
Classic
Best Score? Go Orange.
Figure out the lyrics dave barnes Stats
Can you name the figure out the lyrics dave barnes?
By
paramoregrl04
7m
189 Questions
45 Plays
45 Plays
45 Plays
Comments
Comments
Give Quiz Kudos
Give Quiz Kudos
-
- Ratings
hide this ad
Replay
Link that replays current quiz
Next Quiz
Link to next quiz in quiz playlist
You Got
0%
They Got
Avg Score
67%
Avg Friend Score
Upgrade to see
Score Distribution
Jump to the score distribution portion of the page
Score
0/189
Timer
07:00
0
Plays Today
% Correct
i
100%
i
100%
i
100%
i
100%
i
100%
i
100%
i
100%
i
100%
i
100%
i
100%
i
100%
the
97.8%
the
97.8%
the
97.8%
the
97.8%
the
97.8%
and
97.8%
97.8%
a
97.8%
and
97.8%
the
97.8%
a
97.8%
and
97.8%
a
97.8%
and
97.8%
a
97.8%
and
97.8%
the
97.8%
the
97.8%
and
97.8%
you
95.6%
you
95.6%
you
95.6%
you
95.6%
you
95.6%
you
95.6%
you
95.6%
you
95.6%
you
95.6%
you
95.6%
you
95.6%
you
95.6%
you
95.6%
you
95.6%
me
88.9%
me
88.9%
me
88.9%
me
88.9%
me
88.9%
me
88.9%
it
86.7%
it
86.7%
to
84.4%
to
84.4%
to
84.4%
love
84.4%
to
84.4%
do
82.2%
for
82.2%
what
77.8%
with
77.8%
with
77.8%
with
77.8%
% Correct
with
77.8%
with
77.8%
with
77.8%
was
75.6%
that
75.6%
was
75.6%
was
75.6%
that
75.6%
that
75.6%
just
73.3%
time
71.1%
time
71.1%
night
68.9%
my
68.9%
from
68.9%
of
68.9%
from
68.9%
my
68.9%
way
66.7%
here
66.7%
here
66.7%
here
66.7%
here
66.7%
let's
64.4%
our
64.4%
there's
64.4%
has
64.4%
now
64.4%
ever
64.4%
like
64.4%
there's
64.4%
now
64.4%
now
64.4%
ever
64.4%
like
64.4%
now
64.4%
now
64.4%
ever
64.4%
nothing
62.2%
won
62.2%
stay
62.2%
stay
62.2%
don't
62.2%
as
62.2%
all
62.2%
as
62.2%
all
62.2%
stay
62.2%
don't
62.2%
stay
62.2%
don't
62.2%
take
60%
by
60%
need
60%
forever
60%
right
60%
need
60%
forever
60%
right
60%
need
60%
forever
60%
right
60%
better
55.6%
% Correct
spend
55.6%
until
55.6%
until
55.6%
better
55.6%
until
55.6%
until
55.6%
else
53.3%
moon
53.3%
leave
53.3%
leave
53.3%
leave
53.3%
side
51.1%
every
51.1%
this
51.1%
wait
51.1%
wasting
48.9%
war
48.9%
watch
48.9%
start
48.9%
again
48.9%
so
48.9%
kept
48.9%
secret
48.9%
swore
48.9%
through
48.9%
watch
48.9%
so
48.9%
kept
48.9%
secret
48.9%
swore
48.9%
through
48.9%
again
48.9%
so
48.9%
than
46.7%
daylight
46.7%
left
46.7%
part
44.4%
baby
44.4%
struggle
42.2%
found
42.2%
took
42.2%
waits
40%
down
40%
sleep
40%
we'll
37.8%
silent
37.8%
celebration
37.8%
breath
37.8%
feel
37.8%
end
35.6%
breathe
35.6%
company
35.6%
city
33.3%
makes
33.3%
sense
33.3%
find
33.3%
would
33.3%
yeah
28.9%
yeah
28.9%
feelings
24.4%
settles
22.2%
i was
15.6%
ew
2.2%
Quiz Playlist
Details
Report
Send in Message
Add To Playlist
Classic:
Type in answers that appear in a list
Last Updated: Feb 16, 2017
Quiz Scoreboard
CHALLENGE
Sign Up to Join the Scoreboard
Show All
Scores
Hide
Comments
May contain spoilers
Recently Published
Movies - When Are They Set?
by FPL_Elf
Movies
5m
Popular People in 1961
by mucciniale
History
6m
1-10 Letter E Words III
by El_Dandy
Language
2m
More to Explore
Quiz From the Vault
Featured Blog Post
Where Did the Easter Bunny Come From?
hide this ad
You Might Also Like...
Tags
Nintendo Quiz
bare
Dave
Figure Out the Lyrics
Today's Top Quizzes in Music
Browse Music
hide this ad
Today's Top Quizzes in Nintendo
Browse Nintendo
Top Contributed Quizzes in Music
1
Taylor Swift All Songs (2024)
2
2010s Album by Cover III
3
One Thing in Common: Music
4
Taylor Swift Logic Puzzle
5
Guess the Artist- 70s Songs
6
2010s Album by Cover IV
7
Guess the Taylor Swift song (Mystery Song)
8
2010s Album by Cover V
9
Lana Del Rey Discography (BTD to DYKTTATUOB)
10
2010s Album by Cover VI
Explore More
Trending Topics
Kpop
NBA
Anime
Marvel
Harry Potter
Disney
Crossword
Soccer
WWE
Country
Puzzle
The Office
NFL
Pokémon
Song
hide this ad
More By:
paramoregrl04
Quiz
Plays
Rating
Category
Featured
Created
figure out the kesha lyrics
807
1.00
Music
Nov 30, 2010
figure out the lyrics dave barnes
45
4.00
Music
Dec 1, 2010
Go to Creator's Profile
Score Distribution
Quiz Creator Spotlight
paramoregrl04
Follow
Send a Message
Quizzes Created
-
Created Quiz Play Count
-
More By This Creator
Popular Quizzes Today
1
Find the US States - No Outlines Minefield
2
Find the Countries of Europe - No Outlines Minefield
3
The Countries of the World
4
Popular People in 1961
5
1-10 Letter E Words III
6
US States
7
Find the US States
8
One Thing in Common: World Cities II
More Music Quizzes
Rock Album Sorting IV
Quiz Lab
Trending Quizzes
Risky Map Clicking: Least Populous States A-Z
1-10 Letter F Words
1-10 Letter G Words
One Thing in Common: United Kingdom
Risky Map Clicking: Next State Alphabetically
Recently Updated
Leaping Animals
pecheneg
Reality TV Shows (A-Z)
bhenderson79
Rickey Henderson's Hall of Fame Teammates
pecheneg
Champions League XIs: Arsenal
pecheneg
Quick Pick: Celebrities in WWE's Hall of Fame
aduchscher
A-Z Keypad Blitz II
pecheneg
Multiple Oscar Actors
pecheneg
Mystery Phrase Blitz: Oscar 'Best Actors'
pecheneg
F. Scott Fitzgerald Novels
LTH
Pick 3 Villains
ddd62291
Trending Topics
Harry Potter
Anime
Marvel
NBA
Crossword
Disney
Kpop
NFL
Soccer
The Office
Pokémon
Puzzle
Song
Country
WWE
Your Account Isn't Verified!
In order to create a playlist on Sporcle, you need to verify the email address you used during registration. Go to your
Sporcle Settings
to finish the process.
Report this User
Report this user for behavior that violates our
Community Guidelines
.
Details:
Send Report
Go to the Sporcle.com Mobile Site →
Comments